NLSUI OPAC header image

Customs concessions accorded in bilateral and multilateral preferential trading arrangements by India : a study in the perspective of free trade regime (Record no. 216785)

MARC details
000 -LEADER
fixed length control field 00911nam a2200157Ia 4500
005 - DATE AND TIME OF LATEST TRANSACTION
control field 20260209120123.0
008 - FIXED-LENGTH DATA ELEMENTS--GENERAL INFORMATION
fixed length control field 260209s9999||||xx |||||||||||||| ||und||
100 ## - MAIN ENTRY--PERSONAL NAME
Personal name Sumit Mukherjee
245 #0 - TITLE STATEMENT
Title Customs concessions accorded in bilateral and multilateral preferential trading arrangements by India : a study in the perspective of free trade regime
260 ## - PUBLICATION, DISTRIBUTION, ETC.
Place of publication, distribution, etc. BangaloreBangalore
Name of publisher, distributor, etc. NLSIU
Date of publication, distribution, etc. 2006
300 ## - PHYSICAL DESCRIPTION
Extent 90 p. ; 25 cm.
505 ## - FORMATTED CONTENTS NOTE
Formatted contents note Table of contents Chapter; Introduction; Research methodology; FTAs and WTO; Indian scenario; Economic and fiscal implications of customs concession in preferential trade agreements; Rules of origin; Areas of concern; Conclusion; Bibliography; Annexure
650 ## - SUBJECT ADDED ENTRY--TOPICAL TERM
Topical term or geographic name entry element International Trade Law, World Trade Organisation, Trade Agreements - India
700 ## - ADDED ENTRY--PERSONAL NAME
Personal name Prof. B N Gururaj - GuideProf. B N Gururaj - Guide
856 ## - ELECTRONIC LOCATION AND ACCESS
Uniform Resource Identifier <a href="https://dans.nls.ac.in/handle/123456789/1387">https://dans.nls.ac.in/handle/123456789/1387</a>
Holdings
Withdrawn status Lost status Damaged status Not for loan Home library Current library Date acquired Total Checkouts Barcode Date last seen Price effective from Koha item type
        . . 09.02.2026   LLM149 09.02.2026 09.02.2026 Dissertation